00480nam a2200169Ia 4500008004100000082001300041082001400054100002300068245003800091260004400129260000700173300000800180600002300188630003800211700002300249730003800272151121s9999||||xx |||||||||||||| ||und|| a824-/Bla bHNW-67826 aBlavatsky H।P। aTwo books of the stanzas of dzyan b"The Theosophical Pub। house,Madras" c-- a235 aBlavatsky H।P। aTwo books of the stanzas of dzyan aBlavatsky H।P। aTwo books of the stanzas of dzyan